| 000 | 00375nam a2200157Ia 4500 | ||
|---|---|---|---|
| 003 | OSt | ||
| 005 | 20240127102147.0 | ||
| 008 | 170523s9999 xx 000 0 und d | ||
| 020 | _a8180546952 | ||
| 040 | _ciimt university meerut | ||
| 100 | _aPRASAD- LM | ||
| 245 | 0 | _aPRINCIPLES AND PRACTICE OF MANAGEMENT | |
| 260 | _bDELHI SULTAN CHAND | ||
| 260 | _c1995 | ||
| 942 |
_2ddc _c02 |
||
| 999 |
_c97 _d97 |
||